Statistiques concernant Adolf Hitler... ou Adolphe Thiers?

Cliquez ici pour prendre le quiz!

Statistiques générales

  • Ce quiz a été pris 510 fois
  • Le résultat moyen est 9 sur 15

Statistiques - réponses

QuestionRéponse% Correct
Présente la page Wikipédia la plus consultéeAdolf Hitler
96%
Est mort le plus âgéAdolphe Thiers
95%
A atteint le plus haut niveau d'étudeAdolphe Thiers
86%
Est généralement classé le plus à droite sur l'échiquier politiqueAdolf Hitler
85%
N'est pas né dans le pays dans lequel il fut le plus actifAdolf Hitler
83%
A été chef d'EtatLes deux
83%
Porte le même nom qu'une sous-préfecture françaiseAdolphe Thiers
78%
A été choisi comme personnalité de l'année par le Time MagazineAdolf Hitler
73%
Portait généralement des lunettesAdolphe Thiers
71%
A été actif politiquement dans le plus grand nombre de régimesAdolphe Thiers
69%
A été incarcéréLes deux
27%
Etait le plus petitAdolphe Thiers
26%
Se considérait comme déisteLes deux
20%
Figure dans le classement "Les 100 plus grands personnalités" de son paysAucun
15%
A été éluAdolphe Thiers
9%

Distribution des résultats

Percentile par nombre de réponses

% des personnes avec chaque résultat

Votre développement - résultats

Vous n’avez pas pris ce quiz